<?xml version="1.0" encoding="UTF-8"?>
<record
    xmlns:xsi="http://www.w3.org/2001/XMLSchema-instance"
    xsi:schemaLocation="http://www.loc.gov/MARC21/slim http://www.loc.gov/standards/marcxml/schema/MARC21slim.xsd"
    xmlns="http://www.loc.gov/MARC21/slim">

  <leader>02801cam a2200277 a 4500</leader>
  <controlfield tag="001">3006042</controlfield>
  <controlfield tag="003">OSt</controlfield>
  <controlfield tag="005">20230906144105.0</controlfield>
  <controlfield tag="008">930810s1991    enk      b    000 0 eng  </controlfield>
  <datafield tag="010" ind1=" " ind2=" ">
    <subfield code="a">   93189877 </subfield>
  </datafield>
  <datafield tag="020" ind1=" " ind2=" ">
    <subfield code="a">0712656456</subfield>
  </datafield>
  <datafield tag="040" ind1=" " ind2=" ">
    <subfield code="a">DLC</subfield>
    <subfield code="c">LC</subfield>
    <subfield code="d">DLC</subfield>
  </datafield>
  <datafield tag="050" ind1="0" ind2="0">
    <subfield code="a">HD31.K45</subfield>
  </datafield>
  <datafield tag="082" ind1="0" ind2="0">
    <subfield code="a">658</subfield>
    <subfield code="2">20</subfield>
  </datafield>
  <datafield tag="100" ind1="1" ind2=" ">
    <subfield code="a">Kennedy, Carol.</subfield>
    <subfield code="9">2376</subfield>
  </datafield>
  <datafield tag="245" ind1="1" ind2="0">
    <subfield code="a">Guide to the management gurus: shortcuts to the ideas of leading management thinkers. /</subfield>
    <subfield code="c">Carol Kennedy.</subfield>
  </datafield>
  <datafield tag="260" ind1=" " ind2=" ">
    <subfield code="a">London:</subfield>
    <subfield code="b">Century Business ,</subfield>
    <subfield code="c">1991.</subfield>
  </datafield>
  <datafield tag="300" ind1=" " ind2=" ">
    <subfield code="a">xviii, 174 p. ;</subfield>
    <subfield code="c">22 cm.</subfield>
  </datafield>
  <datafield tag="504" ind1=" " ind2=" ">
    <subfield code="a">Includes bibliographical references.</subfield>
  </datafield>
  <datafield tag="505" ind1=" " ind2=" ">
    <subfield code="a">Contents: Action-oriented leadership: how task, team and individual overlap -- The theory and practice of strategic planning -- Developing individual potential within the organization -- Managing the values of the organization -- Managers do things right. leaders do the right thing -- Lateral thinking:  'the generation of new ideas and the escape from old ones -- Structure follows strategy in organizations -- The key to quality: reducing variation -- Primary tasks for effective managers -- Five foundation stones of modern management -- The future of work and organizations -- 'Motivation' and 'maintenance' factors in job satisfaction -- Management by objectives as a practical methodology -- Psychological and social factors in group behaviour -- Company-wide quality cannot be delegated -- The 'post-entrepreneurial' corporation: empowering individuals as a force for change -- Marketing as a key to successful business management --  How leadership styles link with business performance -- Theory X and Theory Y: authoritarian vs participative management -- The 'hierarchy of needs' in motivation -- Human relations in industry and respect for individuals -- How strategy is made and how managers use their time -- Lessons from Japanese global business strategy -- The creative use of conflict in organizations -- The 'excellence' cult and prescriptions for managing chaotic change -- Strategies for competitive change, both national and international -- Managers educating each other through 'Action Learning' -- The 'Psychological contract' between employer and employed -- Each function in a business should be a 'customer' of the next in the chain -- 'Small is beautiful': the human scale against corporate 'giantism' -- Developed the key to principle of decentralization for big corporations -- The science of work and 'functional management' -- How individuals respond to authority in organizations -- </subfield>
  </datafield>
  <datafield tag="650" ind1=" " ind2="0">
    <subfield code="a">Management.</subfield>
    <subfield code="9">1150</subfield>
  </datafield>
  <datafield tag="650" ind1=" " ind2="0">
    <subfield code="a">Industrial management.</subfield>
    <subfield code="9">2377</subfield>
  </datafield>
  <datafield tag="906" ind1=" " ind2=" ">
    <subfield code="a">7</subfield>
    <subfield code="b">cbc</subfield>
    <subfield code="c">orignew</subfield>
    <subfield code="d">3</subfield>
    <subfield code="e">ncip</subfield>
    <subfield code="f">19</subfield>
    <subfield code="g">y-gencatlg</subfield>
  </datafield>
  <datafield tag="942" ind1=" " ind2=" ">
    <subfield code="2">lcc</subfield>
    <subfield code="c">BK</subfield>
  </datafield>
  <datafield tag="999" ind1=" " ind2=" ">
    <subfield code="c">10035</subfield>
    <subfield code="d">17535</subfield>
  </datafield>
  <datafield tag="952" ind1=" " ind2=" ">
    <subfield code="0">0</subfield>
    <subfield code="1">0</subfield>
    <subfield code="2">lcc</subfield>
    <subfield code="4">0</subfield>
    <subfield code="7">0</subfield>
    <subfield code="a">WIUC-KL</subfield>
    <subfield code="b">WIUC-KL</subfield>
    <subfield code="c">GEN</subfield>
    <subfield code="d">2023-03-21</subfield>
    <subfield code="l">0</subfield>
    <subfield code="o">HD31.K45</subfield>
    <subfield code="p">K/3211/0309/23</subfield>
    <subfield code="r">2023-09-06 00:00:00</subfield>
    <subfield code="w">2023-09-06</subfield>
    <subfield code="y">BK</subfield>
  </datafield>
</record>
